LEADER 00952cam0-2200325---450 001 990005730430403321 005 20260402093338.0 035 $a000573043 035 $aFED01000573043 035 $a(Aleph)000573043FED01 100 $a19990604d1955----km-y1itay50------ba 101 0 $aita$alat 102 $aIT 105 $ay-------001yy 200 1 $aDal "Declarus" di A. Senisio$ei vocaboli siciliani$fa cura di A. Marinoni 210 $aPalermo$c[s.n.]$d1955 215 $aXLI, 281 p.$d22 cm 610 0 $aSenesio, Angelo$aDeclaro$aStudio critico 610 0 $aDialetti siciliani$aLessico 676 $a457.8$v22$zita 700 1$aMarinoni,$bA.$0201619 801 0$aIT$bUNINA$gREICAT$2UNIMARC 901 $aBK 912 $a990005730430403321 952 $aBIB. BAT.3528$b4312$fBAT 952 $a457.8033 MARI 01$bIst.Glott. 501$fFLFBC 959 $aFLFBC 959 $aBAT 996 $aDal "Declarus" di A. Senisio$9573206 997 $aUNINA